Obras escogidas / (Record no. 42379)

MARC details
000 -CABECERA
campo de control de longitud fija 00628nam a2200217 a 4500
005 - FECHA Y HORA DE LA ÚLTIMA TRANSACCIÓN
campo de control 20231101063632.0
008 - ELEMENTOS DE LONGITUD FIJA--INFORMACIÓN GENERAL
campo de control de longitud fija 991125s1961 mx 000 0 spa u
035 ## - NÚMERO DE CONTROL DEL SISTEMA
Número de control de sistema UPN01000042379
049 ## - COLECCIÓN
Colección CG
050 #4 - SIGNATURA TOPOGRÁFICA DE LA BIBLIOTECA DEL CONGRESO
Número de clasificación PQ7297 T63
Número de documento/Ítem 02
100 1# - ASIENTO PRINCIPAL--NOMBRE PERSONAL
Nombre de persona Torres Bodet, Jaime,
Fechas asociadas al nombre 1902-1974
245 10 - MENCIÓN DE TÍTULO
Título Obras escogidas /
Mención de responsabilidad, etc. Jaime Torres Bodet
260 ## - PUBLICACIÓN, DISTRIBUCIÓN, ETC.
Lugar de publicación, distribución, etc. México :
Nombre del editor, distribuidor, etc. FCE,
Fecha de publicación, distribución, etc. 1961
300 ## - DESCRIPCIÓN FÍSICA
Extensión 1112 p
440 #0 - MENCIÓN DE SERIE/ASIENTO SECUNDARIO--TÍTULO
Título Letras mexicanas
600 #4 - ASIENTO SECUNDARIO DE MATERIA - NOMBRE PERSONAL
Nombre de persona TORRES BODET, JAIME,
Fechas asociadas al nombre 1902-1974 -
Subdivisión general SELECCION, EXTRACTOS, ETC.
650 #4 - ASIENTO SECUNDARIO DE MATERIA - TERMINO TEMATICO
Término de materia o nombre geográfico como elemento de entrada Poesía mexicana
9 (RLIN) 1273
650 #4 - ASIENTO SECUNDARIO DE MATERIA - TERMINO TEMATICO
Término de materia o nombre geográfico como elemento de entrada PROSA LITERARIA MEXICANA
9 (RLIN) 14842
904 ## - ELEMENTOS DE DATOS D LOCAL, LDD (RLIN)
a AC
b 042381
905 ## - TIPO DE MATERIAL
Tipo de material Libro
Holdings
Estado de retiro Estado de pérdida Fuente del sistema de clasificación o colocación Estado dañado No para préstamo Código de colección Localización permanente Ubicación/localización actual Ubicación en estantería Fecha de adquisición Enumeración/cronología de publicación seriada Total de préstamos Clasificación Código de barras Fecha visto por última vez Fecha del último préstamo Número de copia Tipo de ítem Koha
    Library of Congress Classification     Colección General Bib. Gregorio Torres Quintero Bib. Gregorio Torres Quintero Planta baja 13/05/2024 - 4 PQ7297 T63 02 18717 27/05/2024 13/05/2024 1 Libro